Obchodný anjel - príčiny využívania tejto inovatívnej formy financovania MSP v SR v marginálnej miere v komparácii s ekonomicky vyspelými krajinami EÚ

Kapitálové investície obchodných anjelov radíme medzi inovatívne formy financovania MSP podnikov, ktoré zohrávajú kľúčovú úlohu pri tvorbe HDP Slovenska a vyspelosti ekonomiky. Modely efektívneho využívania kapitálu obchodných anjelov a zvyšovanie kvantity využívania tejto inovatívnej formy financov...

ver descrição completa

Na minha lista:
Detalhes bibliográficos
Autor principal: Badida, Peter
Formato: Capítulo de Livro
Idioma:eslovaco
Assuntos:
Tags: Adicionar Tag
Sem tags, seja o primeiro a adicionar uma tag!

MARC

LEADER 00000nla a2200000 4500
001 0166395
005 20221104125934.5
041 0 |a slo 
044 |a CZ 
245 1 0 |a Obchodný anjel - príčiny využívania tejto inovatívnej formy financovania MSP v SR v marginálnej miere v komparácii s ekonomicky vyspelými krajinami EÚ  |c Peter Badida 
520 |a Kapitálové investície obchodných anjelov radíme medzi inovatívne formy financovania MSP podnikov, ktoré zohrávajú kľúčovú úlohu pri tvorbe HDP Slovenska a vyspelosti ekonomiky. Modely efektívneho využívania kapitálu obchodných anjelov a zvyšovanie kvantity využívania tejto inovatívnej formy financovania na úroveň porovnateľnú s vyspelými ekonomikami EÚ. 
610 2 0 |a investície kapitálové 
610 2 0 |a obstarávanie kapitálu 
610 2 0 |a zdroje finančné cudzie 
610 2 0 |a politika investičná 
610 2 0 |a podnik malý 
610 2 0 |a podnik stredný 
100 1 |a Badida, Peter